000
00309nam a22001337a 4500
005
20251210153134.0
008
251210b |||||||| |||| 00| 0 eng d
037
_c
JOU
040
_a
AL
_c
AL
041
_2
ENG
_a
ENG
245
_a
African studies
942
_2
CC
_c
TB
_n
0
999
_c
1466154
_d
1466154